Italština pro operní pěvce /

Hlavní autor: Kronbergerová, Marie
Jazyk: Italština
Čeština
Vydáno: Praha : Akademie múzických umění v Praze, 2009
Vydání: 1. vyd.
Edice: Hudební pedagogika
Témata:
Externí odkaz: Digitalizovaný dokument
Fyzický popis: 238 s. ; 23 cm
Knihy
Uloženo v:
LEADER 01849nam a2200517 a 4500
001 nkc20092012136
003 CZ PrNK
005 20100126163125.0
007 ta
008 091124s2009 xr e p 001 0 cze
015 |a cnb002012136 
020 |a 978-80-7331-154-4  |q (brož.) 
035 |a (OCoLC)505914864 
040 |a OLA001  |b cze  |d ABA001 
041 0 |a cze  |a ita 
072 7 |a 811.131  |x Italo-románské jazyky  |2 Konspekt  |9 11 
072 7 |a 37.016  |x Učební osnovy. Vyučovací předměty. Učebnice  |2 Konspekt  |9 22 
080 |a 811.131.1  |2 MRF 
080 |a 81'355  |2 MRF 
080 |a 782.086  |2 MRF 
080 |a 37.01:784.9  |2 MRF 
080 |a (075)  |2 MRF 
100 1 |a Kronbergerová, Marie  |7 jx20041116016  |4 aut 
245 1 0 |a Italština pro operní pěvce /  |c Marie Kronbergerová 
250 |a 1. vyd. 
260 |a Praha :  |b Akademie múzických umění v Praze,  |c 2009 
300 |a 238 s. ;  |c 23 cm 
490 1 |a Hudební pedagogika ;  |v sv. 2 
504 |a Obsahuje bibliografii, bibliografické odkazy a rejstříky 
650 0 7 |a italština  |7 ph121249  |2 czenas 
650 0 7 |a výslovnost  |7 ph120514  |2 czenas 
650 0 7 |a operní výňatky  |7 ph291744  |2 czenas 
650 0 7 |a pěvecká pedagogika  |7 ph311288  |2 czenas 
650 0 9 |a Italian language  |2 eczenas 
650 0 9 |a pronunciation  |2 eczenas 
650 0 9 |a opera abstracts  |2 eczenas 
650 0 9 |a singing education  |2 eczenas 
655 7 |a učebnice  |7 fd133770  |2 czenas 
655 9 |a textbooks  |2 eczenas 
830 0 |a Hudební pedagogika  |0 s 
856 4 1 |u http://www.digitalniknihovna.cz/mzk/uuid/uuid:c6a86c00-1e33-11e5-b642-005056827e51  |y Digitalizovaný dokument  |x NDK 
910 2 |a BOA001  |b 2-1233.709 
990 |a BK 
995 |a 01 
991 |b 201001  |c NOV  |j 811.13 KRO 
996 6 |b 2610405107  |c 2-1233.709  |l MZK  |r Sklad / do 1 hodiny  |n 2  |p p.v.  |w 001103712  |u 000010  |a 1  |e BOA001  |j MZK50  |s P